| 000 | 00368nam a2200145Ia 4500 | ||
|---|---|---|---|
| 008 | 210210b1966 xxu||||| |||| 00| 0 eng d | ||
| 082 | _a820.103 RYDP | ||
| 100 | _aRYDER (Arthur W). | ||
| 245 | _aPanchatantra. | ||
| 260 |
_aBombay _bJaico Publishers House _c1966 |
||
| 300 | _ax,403,iv | ||
| 650 | _aPanchatantra | ||
| 690 | _aIndian English Poetry | ||
| 906 | _a028357 | ||
| 999 |
_c79606 _d79606 |
||